UM Logo

Management : (Record no. 3977)

MARC details
000 -LEADER
fixed length control field 01275cam a22003254a 4500
001 - CONTROL NUMBER
control field 13371969
003 - CONTROL NUMBER IDENTIFIER
control field OSt
005 - DATE AND TIME OF LATEST TRANSACTION
control field 20160820134906.0
008 - FIXED-LENGTH DATA ELEMENTS--GENERAL INFORMATION
fixed length control field 031014s2005 maua b 001 0 eng
010 ## - LIBRARY OF CONGRESS CONTROL NUMBER
LC control number 2003066595
020 ## - INTERNATIONAL STANDARD BOOK NUMBER
International Standard Book Number 0072846976 (alk. paper)
020 ## - INTERNATIONAL STANDARD BOOK NUMBER
International Standard Book Number 007111131X (international : alk. paper)
040 ## - CATALOGING SOURCE
Original cataloging agency DLC
Transcribing agency DLC
Modifying agency DLC
042 ## - AUTHENTICATION CODE
Authentication code pcc
050 00 - LIBRARY OF CONGRESS CALL NUMBER
Classification number HD31
Item number .G58955 2005
082 00 - DEWEY DECIMAL CLASSIFICATION NUMBER
Classification number DC 658
Edition number 2005
Item number G58m
100 1# - MAIN ENTRY--PERSONAL NAME
Personal name Gomez-Mejia, Luis R.
245 10 - TITLE STATEMENT
Title Management :
Remainder of title people, performance, change /
Statement of responsibility, etc. Luis R. Gomez-Mejia, David B. Balkin, Robert L. Cardy.
250 ## - EDITION STATEMENT
Edition statement Second Edition
260 ## - PUBLICATION, DISTRIBUTION, ETC. (IMPRINT)
Place of publication, distribution, etc. Boston :
Name of publisher, distributor, etc. McGraw-Hill/Irwin,
Date of publication, distribution, etc. c2005.
300 ## - PHYSICAL DESCRIPTION
Extent xl, 836 pages :
Other physical details illustrations (some color) ;
Dimensions 26 cm.
504 ## - BIBLIOGRAPHY, ETC. NOTE
Bibliography, etc Includes bibliographical references and indexes.
538 ## - SYSTEM DETAILS NOTE
System details note System requirements for accompanying computer disc: Pentium based processor; Microsoft Windows 98/2000/XP; Microsoft Internet Explorer 6.0 as default Browser; Microsoft Ofice or equivalent.
650 #0 - SUBJECT ADDED ENTRY--TOPICAL TERM
Topical term or geographic name as entry element Management.
700 1# - ADDED ENTRY--PERSONAL NAME
Personal name Balkin, David B.,
Dates associated with a name 1948-
700 1# - ADDED ENTRY--PERSONAL NAME
Personal name Cardy, Robert L.,
Dates associated with a name 1955-
906 ## - LOCAL DATA ELEMENT F, LDF (RLIN)
a 7
b cbc
c orignew
d 1
e ocip
f 20
g y-gencatlg
942 ## - ADDED ENTRY ELEMENTS (KOHA)
Source of classification or shelving scheme Dewey Decimal Classification
Koha item type Circulation
Holdings
Withdrawn status Lost status Source of classification or shelving scheme Damaged status Not for loan Collection code Home library Current library Shelving location Date acquired Source of acquisition Total Checkouts Full call number Barcode Date last seen Date last checked out Price effective from Koha item type
    Dewey Decimal Classification     Circulation UM Digos College - LIC UM Digos College - LIC Book Cart 03/25/2009 Purchased 3 DC 658 G58m 2005 20189 05/15/2025 07/11/2019 08/20/2016 Circulation